[Event "ESP-ch FEDC 28th"]
[Site "Ubeda"]
[Date "2019.11.26"]
[Round "8"]
[White "Calvente Aldehuela, Antonia"]
[Black "Munoz Diez, Alfonso"]
[Result "0-1"]
[WhiteElo "1268"]
[BlackElo "1298"]
[PlyCount "38"]
[EventDate "2019.11.19"]
[EventType "swiss"]
[EventRounds "8"]
[EventCountry "ESP"]
[SourceTitle "EXT 2024"]
[Source "ChessBase"]
[SourceDate "2023.10.10"]
[SourceVersion "1"]
[SourceVersionDate "2023.10.10"]
[SourceQuality "1"]

1. e4 e5 2. Nf3 Nc6 3. d4 d6 4. Bb5 Bd7 5. 0-0 h6 6. Bxc6 Bxc6 7. dxe5 Bxe4 8. Re1 Bf5 9. exd6+ Be6 10. Ng5 Bxd6 11. Nxe6 fxe6 12. Rxe6+ Ne7 13. Nc3 Qd7 14. Qh5+ Kf8 15. Re1 Re8 16. Qf3+ Kg8 17. Qxb7 Kh7 18. Qxa7 Nc6 19. Qa4 Rxe1# 0-1

[Event "ESP-ch FEDC 28th"]
[Site "Ubeda"]
[Date "2019.11.22"]
[Round "4"]
[White "Calvente Aldehuela, Antonia"]
[Black "Garrido Busto, Francisco"]
[Result "0-1"]
[WhiteElo "1268"]
[BlackElo "1469"]
[PlyCount "94"]
[EventDate "2019.11.19"]
[EventType "swiss"]
[EventRounds "8"]
[EventCountry "ESP"]
[SourceTitle "EXT 2024"]
[Source "ChessBase"]
[SourceDate "2023.10.10"]
[SourceVersion "1"]
[SourceVersionDate "2023.10.10"]
[SourceQuality "1"]

1. e4 c6 2. d4 d5 3. e5 Bf5 4. Nf3 e6 5. Bd3 Bxd3 6. Qxd3 c5 7. dxc5 Qa5+ 8. c3 Qxc5 9. Nbd2 Ne7 10. Nb3 Qc7 11. 0-0 Nbc6 12. Re1 Ng6 13. Nbd4 a6 14. Nxc6 Qxc6 15. Nd4 Qc7 16. Nf3 Bc5 17. Be3 Rc8 18. Bxc5 Qxc5 19. Nd4 Qc7 20. Nf3 0-0 21. Rad1 Qe7 22. Qd4 Rc4 23. Qb6 Rfc8 24. Qd6 Qxd6 25. exd6 R4c6 26. d7 Rd8 27. Rxd5 Kf8 28. Ne5 exd5 29. Nxc6 bxc6 30. Rd1 Rxd7 31. Rd4 Re7 32. Rd1 Ne5 33. f4 Nc4 34. b3 Nb6 35. Kf1 Re4 36. g3 Ke7 37. Re1 Rxe1+ 38. Kxe1 Kd6 39. Kd2 Nd7 40. b4 Nb6 41. Kd3 Nc4 42. Kd4 h5 43. a4 Nb2 44. a5 Nc4 45. h3 Nb2 46. g4 h4 47. g5 Nd1 0-1

[Event "Benidorm FEDC op 22th"]
[Site "Benidorm"]
[Date "2019.06.15"]
[Round "7"]
[White "Calvente Aldehuela, Antonia"]
[Black "Becerro Rio, Esteban"]
[Result "0-1"]
[WhiteElo "1303"]
[BlackElo "1195"]
[PlyCount "52"]
[EventDate "2019.06.09"]
[EventType "swiss"]
[EventRounds "7"]
[EventCountry "ESP"]
[SourceTitle "EXT 2024"]
[Source "ChessBase"]
[SourceDate "2023.10.10"]
[SourceVersion "1"]
[SourceVersionDate "2023.10.10"]
[SourceQuality "1"]

1. e4 e6 2. d4 d5 3. e5 Ne7 4. Nf3 Nd7 5. c4 Nc6 6. Nc3 dxc4 7. Bxc4 Nb6 8. Bb5 Nd5 9. 0-0 Nxc3 10. bxc3 Be7 11. c4 Bd7 12. d5 Nb4 13. a3 Bxb5 14. cxb5 Nxd5 15. Qa4 Nc3 16. Qc2 Nxb5 17. Rb1 Nxa3 18. Bxa3 Bxa3 19. Qa4+ b5 20. Qxa3 a6 21. Rfd1 Qe7 22. Qa5 c5 23. Nd4 cxd4 24. Rxb5 0-0 25. Rxd4 axb5 26. Qxb5 Ra1+ 0-1

[Event "Benidorm FEDC op 22th"]
[Site "Benidorm"]
[Date "2019.06.12"]
[Round "4"]
[White "Guillen Andrinal, Pablo"]
[Black "Calvente Aldehuela, Antonia"]
[Result "1/2-1/2"]
[WhiteElo "1013"]
[BlackElo "1303"]
[PlyCount "51"]
[EventDate "2019.06.09"]
[EventType "swiss"]
[EventRounds "7"]
[EventCountry "ESP"]
[SourceTitle "EXT 2024"]
[Source "ChessBase"]
[SourceDate "2023.10.10"]
[SourceVersion "1"]
[SourceVersionDate "2023.10.10"]
[SourceQuality "1"]

1. e4 e5 2. Nf3 Nc6 3. d4 exd4 4. Nxd4 Bc5 5. Be3 Qf6 6. c3 Nxd4 7. Bxd4 Bxd4 8. Qxd4 Qxd4 9. cxd4 Nf6 10. Bd3 d5 11. exd5 Nxd5 12. Nc3 Nb4 13. Kd2 b6 14. Rhe1+ Kd8 15. a3 Nxd3 16. Kxd3 Bb7 17. g3 Kd7 18. Re3 Ba6+ 19. Kc2 Rhe8 20. Ne4 Bb7 21. Kd3 f5 22. Nc3 Re7 23. Kd2 Rae8 24. Rxe7+ Rxe7 25. Re1 Rxe1 26. Kxe1 1/2-1/2

[Event "Benidorm FEDC op 22th"]
[Site "Benidorm"]
[Date "2019.06.09"]
[Round "1"]
[White "Calvente Aldehuela, Antonia"]
[Black "Balmiza Jimenez, Francisco"]
[Result "0-1"]
[WhiteElo "1303"]
[BlackElo "1640"]
[PlyCount "52"]
[EventDate "2019.06.09"]
[EventType "swiss"]
[EventRounds "7"]
[EventCountry "ESP"]
[SourceTitle "EXT 2024"]
[Source "ChessBase"]
[SourceDate "2023.10.10"]
[SourceVersion "1"]
[SourceVersionDate "2023.10.10"]
[SourceQuality "1"]

1. e4 e5 2. Bc4 Nf6 3. d4 exd4 4. Nf3 Bb4+ 5. c3 Bc5 6. 0-0 0-0 7. Nxd4 Nxe4 8. Re1 d5 9. Bd3 Nf6 10. Bg5 c6 11. b4 Bd6 12. Nd2 Bxh2+ 13. Kxh2 Ng4+ 14. Kg1 Qxg5 15. Qe2 Qh4 16. N2f3 Qd8 17. Ne5 Nxe5 18. Qxe5 Nd7 19. Qh2 Nf6 20. Nf3 h6 21. Ne5 Be6 22. c4 Ng4 23. Nxg4 Bxg4 24. Qg3 Be6 25. Re5 dxc4 26. Rh5 Qxd3 0-1

[Event "ESP-ch FEDC 27th"]
[Site "Almunecar"]
[Date "2018.11.26"]
[Round "1"]
[White "Calvente Aldehuela, Antonia"]
[Black "Garcia Rodriguez, Florencio"]
[Result "0-1"]
[WhiteElo "1302"]
[BlackElo "1758"]
[PlyCount "60"]
[EventDate "2018.11.26"]
[EventType "swiss"]
[EventRounds "8"]
[EventCountry "ESP"]
[SourceTitle "EXT 2024"]
[Source "ChessBase"]
[SourceDate "2023.10.10"]
[SourceVersion "1"]
[SourceVersionDate "2023.10.10"]
[SourceQuality "1"]

1. e4 c5 2. Nf3 Nc6 3. d4 cxd4 4. Nxd4 g6 5. Bc4 Bg7 6. Nc3 Nf6 7. Be3 Qa5 8. 0-0 0-0 9. f4 d6 10. f5 Ne5 11. Bg5 Nxc4 12. Rb1 Nxb2 13. Qe1 Nc4 14. a4 Bd7 15. Ra1 Rac8 16. Nb3 Qb6+ 17. Kh1 Na5 18. Be3 Qc7 19. Nxa5 Qxa5 20. Bd2 Qe5 21. Ra3 Qc5 22. Rb3 b6 23. Be3 Qc4 24. Bg1 Bxa4 25. Nxa4 Qxa4 26. Qd2 Qxe4 27. fxg6 hxg6 28. Re1 Rxc2 29. Rxe4 Rxd2 30. Rb1 Nxe4 0-1

[Event "Benidorm FEDC op 20th"]
[Site "Benidorm"]
[Date "2018.06.12"]
[Round "3"]
[White "Calvente Aldehuela, Antonia"]
[Black "Becerro Rio, Esteban"]
[Result "0-1"]
[WhiteElo "1304"]
[BlackElo "1120"]
[PlyCount "156"]
[EventDate "2018.06.10"]
[EventType "swiss"]
[EventRounds "7"]
[EventCountry "ESP"]
[SourceTitle "CBM 184 Extra"]
[Source "ChessBase"]
[SourceDate "2018.06.28"]
[SourceVersion "1"]
[SourceVersionDate "2018.06.28"]
[SourceQuality "1"]

1. e4 g6 2. d4 d6 3. Nf3 Bg7 4. Nc3 b6 5. Bb5+ Nd7 6. 0-0 Bb7 7. d5 e5 8. dxe6 fxe6 9. Bc4 Nc5 10. Re1 Ne7 11. Ng5 Qd7 12. Qg4 d5 13. exd5 exd5 14. Qxd7+ Kxd7 15. Bxd5 Nxd5 16. Nxd5 Bxd5 17. Bf4 Rhe8 18. Red1 Kc6 19. Nxh7 Bxb2 20. Rab1 Bc3 21. Ng5 Re2 22. Rbc1 Bxa2 23. Nf3 Bb2 24. Nd4+ Bxd4 25. Rxd4 Rae8 26. Kf1 Ne4 27. Kxe2 Nc3+ 28. Kd3 Nb5 29. Re4 Rd8+ 30. Ke3 Bd5 31. Re5 Bxg2 32. Re6+ Kb7 33. Rxg6 Re8+ 34. Kd2 Be4 35. f3 Bxg6 36. Be3 Rd8+ 37. Ke2 Re8 38. Rg1 Bxc2 39. h4 a5 40. f4 Bh7 41. h5 c5 42. Rg7+ Ka6 43. Rxh7 a4 44. Kd3 a3 45. Bc1 a2 46. Bb2 Re1 47. f5 a1Q 48. Bxa1 Rxa1 49. f6 Rf1 50. Rf7 Nd6 51. Rf8 Nf5 52. f7 Kb5 53. h6 Nxh6 54. Kc3 Rf3+ 55. Kc2 Kb4 56. Re8 Nxf7 57. Re4+ c4 58. Re1 Rf2+ 59. Kb1 Ng5 60. Ka1 Kb3 61. Rb1+ Ka3 62. Rxb6 Rf1+ 63. Rb1 Rf2 64. Rb8 Rf1+ 65. Rb1 Rxb1+ 66. Kxb1 Kb3 67. Kc1 c3 68. Kb1 Ne4 69. Kc1 Nf2 70. Kb1 Nd3 71. Ka1 Nb4 72. Kb1 Na2 73. Ka1 Nb4 74. Kb1 Ka3 75. Ka1 Nc2+ 76. Kb1 Kb3 77. Kc1 Na3 78. Kd1 Kb2 0-1

[Event "ESP-ch FEDC 26th"]
[Site "Ciudad Real"]
[Date "2017.11.19"]
[Round "8.28"]
[White "Martinez Perez, Carlos"]
[Black "Calvente Aldehuela, Antonia"]
[Result "0-1"]
[WhiteElo "1386"]
[BlackElo "1333"]
[PlyCount "24"]
[EventDate "2017.11.12"]
[EventType "swiss"]
[EventRounds "8"]
[EventCountry "ESP"]
[SourceTitle "EXT 2024"]
[Source "ChessBase"]
[SourceDate "2023.10.10"]
[SourceVersion "1"]
[SourceVersionDate "2023.10.10"]
[SourceQuality "1"]

1. e4 e5 2. d4 exd4 3. Qxd4 Nc6 4. Qe3 Be7 5. Nc3 Nf6 6. b3 0-0 7. Bb2 Nb4 8. 0-0-0 d5 9. a3 Nc6 10. Nxd5 Bd6 11. Qc3 Be5 12. Nxf6+ Qxf6 0-1

[Event "ESP-ch FEDC 26th"]
[Site "Ciudad Real"]
[Date "2017.11.17"]
[Round "6.28"]
[White "Calvente Aldehuela, Antonia"]
[Black "Menendez Alvarez, Antonio"]
[Result "1/2-1/2"]
[WhiteElo "1333"]
[BlackElo "1104"]
[PlyCount "51"]
[EventDate "2017.11.12"]
[EventType "swiss"]
[EventRounds "8"]
[EventCountry "ESP"]
[SourceTitle "EXT 2024"]
[Source "ChessBase"]
[SourceDate "2023.10.10"]
[SourceVersion "1"]
[SourceVersionDate "2023.10.10"]
[SourceQuality "1"]

1. e4 c6 2. d4 d5 3. exd5 cxd5 4. Nf3 Nf6 5. Bb5+ Bd7 6. Nc3 Bxb5 7. Nxb5 a6 8. Nc3 e6 9. 0-0 Be7 10. Ne2 b5 11. Ne5 0-0 12. Qd3 Nbd7 13. Nc6 Qe8 14. Nxe7+ Qxe7 15. Bg5 h6 16. Bh4 Rac8 17. Ng3 g5 18. Bxg5 hxg5 19. f4 g4 20. Rae1 Kg7 21. f5 Rc6 22. Qe3 Re8 23. Qg5+ Kf8 24. Qh6+ Kg8 25. Qg5+ Kf8 26. Qh6+ 1/2-1/2

[Event "ESP-ch FEDC 26th"]
[Site "Ciudad Real"]
[Date "2017.11.15"]
[Round "4.26"]
[White "Calvente Aldehuela, Antonia"]
[Black "Montilla Bejarano, Carmen"]
[Result "0-1"]
[WhiteElo "1333"]
[BlackElo "1165"]
[PlyCount "76"]
[EventDate "2017.11.12"]
[EventType "swiss"]
[EventRounds "8"]
[EventCountry "ESP"]
[SourceTitle "EXT 2024"]
[Source "ChessBase"]
[SourceDate "2023.10.10"]
[SourceVersion "1"]
[SourceVersionDate "2023.10.10"]
[SourceQuality "1"]

1. e4 e5 2. Bc4 Nc6 3. Nf3 d6 4. d4 Nf6 5. dxe5 dxe5 6. Qxd8+ Kxd8 7. Ng5 Ke8 8. Nxf7 Rg8 9. Nd6+ Bxd6 10. Bxg8 Nd4 11. Bb3 Nxe4 12. c3 Nc6 13. Bd5 Nf6 14. Bxc6+ bxc6 15. Nd2 Ba6 16. f3 Kd7 17. c4 Bc5 18. Ke2 Nd5 19. g3 Rf8 20. b3 Bd4 21. Ba3 c5 22. Raf1 Nc3+ 23. Kd3 Nxa2 24. Ne4 Nb4+ 25. Bxb4 cxb4 26. f4 Re8 27. fxe5 c5 28. Rf7+ Kc6 29. Rxa7 Bc8 30. Rxg7 Bxe5 31. Rxh7 Rd8+ 32. Kc2 Bf5 33. Rh6+ Bd6 34. Kd3 Kc7 35. Ke3 Re8 36. Rh4 Be7 37. Rh6 Bg5+ 38. Kf3 Bxh6 0-1

[Event "ESP-ch FEDC 26th"]
[Site "Ciudad Real"]
[Date "2017.11.13"]
[Round "2.22"]
[White "Calvente Aldehuela, Antonia"]
[Black "Ampudia Asensio, Jose Luis"]
[Result "0-1"]
[WhiteElo "1333"]
[BlackElo "1675"]
[PlyCount "72"]
[EventDate "2017.11.12"]
[EventType "swiss"]
[EventRounds "8"]
[EventCountry "ESP"]
[SourceTitle "EXT 2024"]
[Source "ChessBase"]
[SourceDate "2023.10.10"]
[SourceVersion "1"]
[SourceVersionDate "2023.10.10"]
[SourceQuality "1"]

1. e4 e6 2. d4 d5 3. e5 c5 4. c3 Qb6 5. Nf3 Nc6 6. a3 a5 7. Nbd2 cxd4 8. cxd4 Nxd4 9. Be2 Nxe2 10. Qxe2 Bd7 11. Qd3 a4 12. b3 Bb5 13. Qc2 Bc5 14. Nb1 axb3 15. Qd2 Rc8 16. Nc3 Bxf2+ 17. Qxf2 Qxf2+ 18. Kxf2 Rxc3 19. Bb2 Rc2+ 20. Ke3 Rxb2 21. Nd4 Bc4 22. Kf3 Ne7 23. a4 Ng6 24. Rhe1 Rd2 25. Nb5 Bxb5 26. axb5 0-0 27. Rab1 b2 28. Re2 Rxe2 29. Kxe2 Nxe5 30. Rxb2 Ra8 31. h3 Nc4 32. Rb4 Kf8 33. Kd3 Ke7 34. Kd4 Kd6 35. Rb1 Ra3 36. Rb4 e5# 0-1

[Event "Benidorm op 18th"]
[Site "Benidorm"]
[Date "2017.06.13"]
[Round "3"]
[White "Salas Rasilla, Concepcion"]
[Black "Calvente Aldehuela, Antonia"]
[Result "0-1"]
[WhiteElo "1612"]
[BlackElo "1319"]
[PlyCount "64"]
[EventDate "2017.06.11"]
[EventType "swiss"]
[EventRounds "7"]
[EventCountry "ESP"]
[SourceTitle "EXT 2018"]
[Source "ChessBase"]
[SourceDate "2017.10.13"]
[SourceVersion "1"]
[SourceVersionDate "2017.10.13"]
[SourceQuality "1"]

1. e4 e5 2. Nf3 Nc6 3. Bb5 a6 4. Ba4 Nf6 5. d3 d5 6. Nbd2 b5 7. Bb3 Na5 8. 0-0 Bg4 9. h3 Bh5 10. c3 Nxb3 11. Qxb3 Bd6 12. a4 c6 13. Re1 0-0 14. Qd1 Re8 15. Nf1 Bg6 16. Ng3 Nh5 17. Bg5 f6 18. Bd2 Nxg3 19. fxg3 Qb6+ 20. Kh2 f5 21. Nh4 f4 22. Nxg6 Qf2 23. Nxf4 exf4 24. Bxf4 Bxf4 25. gxf4 Qxf4+ 26. Kh1 Rad8 27. Rf1 Qe3 28. Rf3 Qg5 29. exd5 Rxd5 30. axb5 Rxb5 31. Rg3 Qxg3 32. Qh5 g6 0-1

[Event "Benidorm op 18th"]
[Site "Benidorm"]
[Date "2017.06.11"]
[Round "1"]
[White "Martinez Morina, Manel"]
[Black "Calvente Aldehuela, Antonia"]
[Result "1-0"]
[WhiteElo "1696"]
[BlackElo "1319"]
[PlyCount "25"]
[EventDate "2017.06.11"]
[EventType "swiss"]
[EventRounds "7"]
[EventCountry "ESP"]
[SourceTitle "EXT 2018"]
[Source "ChessBase"]
[SourceDate "2017.10.13"]
[SourceVersion "1"]
[SourceVersionDate "2017.10.13"]
[SourceQuality "1"]

1. e4 e5 2. Bc4 Nf6 3. Nc3 Nc6 4. d3 Bc5 5. Nf3 d6 6. h3 0-0 7. Bg5 Nd4 8. Nd5 Kh8 9. Nxf6 gxf6 10. Bh4 Be6 11. Nxd4 Bxc4 12. Qf3 Qd7 13. Bxf6+ 1-0

[Event "Benidorm Ciegos-ch 15th"]
[Site "Benidorm"]
[Date "2015.06.12"]
[Round "6"]
[White "Bernabe Monteagudo, Francesc"]
[Black "Calvente Aldehuela, Antonia"]
[Result "1-0"]
[WhiteElo "1759"]
[BlackElo "1337"]
[PlyCount "23"]
[EventDate "2015.06.07"]
[EventType "swiss"]
[EventRounds "7"]
[EventCountry "ESP"]
[SourceTitle "CBM 167 Extra"]
[Source "ChessBase"]
[SourceDate "2015.09.14"]
[SourceVersion "1"]
[SourceVersionDate "2015.09.14"]
[SourceQuality "1"]

1. e4 e5 2. f4 Bc5 3. Nf3 exf4 4. d4 Bb6 5. Bc4 Nf6 6. Bxf4 0-0 7. e5 Ne8 8. Bg5 Nf6 9. exf6 gxf6 10. Bh6 Re8+ 11. Ne5 fxe5 12. Qg4+ 1-0

[Event "Benidorm Ciegos-ch 15th"]
[Site "Benidorm"]
[Date "2015.06.11"]
[Round "5"]
[White "Calvente Aldehuela, Antonia"]
[Black "Samper Alarcon, Julio Alfredo"]
[Result "0-1"]
[WhiteElo "1337"]
[BlackElo "1615"]
[PlyCount "42"]
[EventDate "2015.06.07"]
[EventType "swiss"]
[EventRounds "7"]
[EventCountry "ESP"]
[SourceTitle "CBM 167 Extra"]
[Source "ChessBase"]
[SourceDate "2015.09.14"]
[SourceVersion "1"]
[SourceVersionDate "2015.09.14"]
[SourceQuality "1"]

1. e4 e5 2. Nf3 Nc6 3. Bc4 d6 4. 0-0 Be7 5. Nc3 Nf6 6. d4 Bg4 7. h3 Bxf3 8. Qxf3 Nxd4 9. Qd3 0-0 10. Be3 Ne6 11. Nd5 Nxd5 12. Bxd5 c6 13. Bxe6 fxe6 14. f4 exf4 15. Bxf4 e5 16. Bd2 Bf6 17. Qg3 Qe8 18. Rf3 Qg6 19. Qxg6 hxg6 20. Raf1 Be7 21. Bg5 Bxg5 0-1

[Event "Linares FEDC-ch 24th"]
[Site "Linares"]
[Date "2014.11.22"]
[Round "7"]
[White "Miramon Borragan, Gustavo"]
[Black "Calvente Aldehuela, Antonia"]
[Result "1-0"]
[WhiteElo "1626"]
[BlackElo "1362"]
[PlyCount "34"]
[EventDate "2014.11.16"]
[EventType "swiss"]
[EventRounds "8"]
[EventCountry "ESP"]
[SourceTitle "CBM 163 Extra"]
[Source "ChessBase"]
[SourceDate "2014.12.23"]
[SourceVersion "1"]
[SourceVersionDate "2014.12.23"]
[SourceQuality "1"]

1. e4 e5 2. Nf3 Nc6 3. Bb5 a6 4. Ba4 b5 5. Bb3 Na5 6. c3 Nxb3 7. Qxb3 d6 8. 0-0 Nf6 9. Re1 Be7 10. d4 exd4 11. cxd4 0-0 12. e5 dxe5 13. dxe5 Nd7 14. e6 Nc5 15. exf7+ Rxf7 16. Qe3 Bb7 17. Ng5 Qd5 1-0